| 000 | 005210000a22001810004500 | ||
|---|---|---|---|
| 001 | 001594 | ||
| 003 | MACL | ||
| 005 | 20150714152722.0 | ||
| 008 | 150714b xxu||||| |||| 00| 0 eng d | ||
| 040 |
_aMACL _cMACL |
||
| 041 | _aEnglish | ||
| 082 | _a323.115/CHA | ||
| 100 |
_aChandra, Kanchan _92080 |
||
| 245 |
_aWhy Ethnic Parties Succed _bPatronage And Ethnic Head Counts In India _cKanchan Chandra |
||
| 260 |
_aSouth Asian _c2004 _bCambridge University Pres |
||
| 650 |
_aPolitical Science _988 |
||
| 942 |
_k323 _cBK _2ddc |
||
| 999 |
_c13514 _d13514 |
||